[Event "Campo Grande op 2nd"]
[Site "Campo Grande"]
[Date "2014.09.07"]
[Round "5"]
[White "Viana Amorim, Mateus da Cunha"]
[Black "Franco, Augusto Martins"]
[Result "0-1"]
[WhiteElo "1800"]
[BlackElo "1787"]
[PlyCount "32"]
[EventDate "2014.09.05"]
[EventType "swiss"]
[EventRounds "5"]
[EventCountry "BRA"]
[SourceTitle "CBM 162 Extra"]
[Source "ChessBase"]
[SourceDate "2014.10.17"]
[SourceVersion "1"]
[SourceVersionDate "2014.10.17"]
[SourceQuality "1"]

1. e4 e6 2. Nf3 Bc5 3. Nc3 d5 4. Bb5+ Bd7 5. Bxd7+ Qxd7 6. Ng5 h6 7. Qf3 hxg5 8. Qd1 Nf6 9. d3 Nc6 10. Bxg5 Be7 11. exd5 Nxd5 12. Bxe7 Kxe7 13. 0-0 Qd6 14. Re1 Qxh2+ 15. Kf1 Nf4 16. g3 Qg2# 0-1